|
|
|
|
| LEADER |
00000cam a2200000 i 4500 |
| 001 |
1/79992 |
| 008 |
050705s1970 gr | ||| |||| ||gre|| |
| 035 |
|
|
|l 10078907
|
| 040 |
|
|
|a GR-MyUa
|b gre
|e AACR2
|
| 041 |
0 |
|
|a gre
|
| 082 |
7 |
|
|a 398.35
|2 (22)
|
| 100 |
1 |
|
|a Ζαχαρής, Λάμπρος.
|
| 245 |
1 |
3 |
|a Το φως του κόσμου :
|b περιστατικά κηρύγματα /
|c Λάμπρου Ζάχαρη.
|
| 250 |
|
|
|a 2η έκδ.
|
| 260 |
|
|
|a Αθήνα :
|b [χ.ό.],
|c 1970.
|
| 300 |
|
|
|a 334 σ. ;
|c 22 εκ.
|
| 610 |
2 |
0 |
|a Orthodox Eastern Church
|z Greece
|x Sermons.
|
| 650 |
|
0 |
|a Sermons, Greek.
|
| 852 |
|
|
|a INST
|b RHODES
|c KRI
|e 20050705
|h 398.35 ΖΑΧ
|p 005400023024
|q 005400023024
|t BK
|y 0
|
| 901 |
|
|
|a BIBL4-2005-2
|
| 970 |
|
|
|a ΣΙΔΕΡΗ
|b ΝΕΚΤΑΡΙΑ
|z 2005/07/05
|